Formula one drivers line-up 1996 - Statistics

General Stats
  • This quiz has been taken 93 times
  • The average score is 18 of 24
Answer Stats
Constructor Rounds Driver Nationality % Correct
Williams All Damon Hill UK
94%
Ferrari All Michael Schumacher Germany
94%
Williams All Jacques Villeneuve Canada
92%
McLaren All Mika Häkkinen Finland
89%
McLaren All David Coulthard UK
87%
Ferrari All Eddie Irvine UK
87%
Benetton All Gerhard Berger Austria
86%
Sauber All Heinz-Harald Frentzen Germany
86%
Benetton All Jean Alesi France
86%
Footwork All Jos Verstappen Netherlands
86%
Tyrrell All Mika Salo Finland
83%
Ligier All Oliver Panis France
83%
Jordan All Rubens Barrichello Brazil
83%
Sauber All Johnny Herbert UK
78%
Minardi 1, 4-10 Giancarlo Fisichella Italy
73%
Jordan All Martin Brundle UK
71%
Ligier All Pedro Diniz Brazil
70%
Tyrrell All Ukyo Katayama Japan
70%
Minardi All Pedro Lamy Portugal
59%
Minardi 2-3 Tarso Marques Brazil
59%
Forti 1-10 Luca Badoer Italy
57%
Forti 1-10 Andrea Montermini Italy
56%
Minardi 11-16 Giovanni Lavaggi Italy
51%
Footwork All Ricardo Rosset Brazil
51%
No matching quizzes found
Score Distribution
Percent of People with Each Score
Percentile by Number Answered
Your Score History
You have not taken this quiz